Normal view
MARC view
Entry Meeting Name
001 - CONTROL NUMBER
- control field: 25538
003 - CONTROL NUMBER IDENTIFIER
- control field: OSt
005 - DATE AND TIME OF LATEST TRANSACTION
- control field: 20211105134944.0
008 - FIXED-LENGTH DATA ELEMENTS
- fixed length control field: 211105|| aca||aabn | a|a d
040 ## - CATALOGING SOURCE
- Original cataloging agency: OSt
- Transcribing agency: OSt
111 ## - HEADING--MEETING NAME
- Meeting name or jurisdiction name as entry element: International Symposium on the History of the European Space Agency
- Location of meeting: London, U. K.
- Date of meeting or treaty signing: 1998 Nov. 11-13
670 ## - SOURCE DATA FOUND
- Source citation: Work cat.: (OSt): International Symposium on the History of the European Space Agency London, U. K. 1998 Nov. 11-13, The History of the european space agency, 1999